000 00963cam a22002771 4500
001 gs 68000206
003 DLC
005 20260227111422.0
008 710913s1968 dcuab b 00010 eng c
010 _ags 68000206 //r85
040 _aU.S. Geol. Survey. Libr.
043 _an-us-ak
050 0 _aQE75
_b.B9 no. 1236
051 _aQE84.P47
_bR43
_cCopy 2.
082 _a557.98/7
100 1 0 _aReed, Bruce L.,
_d1934-
245 1 0 _aGeology of the Lake Peters area, northeastern Brooks Range, Alaska,
_cby Bruce L. Reed.
260 0 _aWashington,
_bU.S. Govt. Print. Off.,
_c1968.
300 _aviii, 132 p.
_billus., maps (1 col.)
_c24 cm.
490 1 _aGeological Survey bulletin 1236
500 _aPart of illustrative matter fold. in pocket.
504 _aBibliography: p. 124-127.
650 0 _aGeology
_zAlaska
_zLake Peters region.
740 1 _aLake Peters area, northeastern Brooks Range, Alaska.
830 0 _aGeological Survey bulletin ;
_v1236.
999 _c30445
_d30445